000 00457nmm a2200169Ia 4500
008 251105s9999||||xx |||||||||||||||||und||
020 _a9788433968685
041 _aspa
100 _aVilloro, Juan
245 0 _aEl testigo
264 _a[Madrid, España] :
_bEditorial Anagrama,
_c2010
300 _a480 páginas
490 _aCompactos
650 _aLatin American narrative
856 _uhttps://public.digitaliapublishing.com/a/33040
942 _cCF
999 _c81861
_d81861